<?xml version="1.0" encoding="UTF-8"?>
<record
    xmlns:xsi="http://www.w3.org/2001/XMLSchema-instance"
    xsi:schemaLocation="http://www.loc.gov/MARC21/slim http://www.loc.gov/standards/marcxml/schema/MARC21slim.xsd"
    xmlns="http://www.loc.gov/MARC21/slim">

  <leader>01631nam a2200193 a 4500</leader>
  <controlfield tag="001">000000346</controlfield>
  <controlfield tag="005">20200929145327.0</controlfield>
  <controlfield tag="008">081127s2000    dr a    r     001 0 spa d</controlfield>
  <datafield tag="040" ind1=" " ind2=" ">
    <subfield code="a">DO-SdBNP</subfield>
    <subfield code="b">spa</subfield>
    <subfield code="c">BNPHU</subfield>
  </datafield>
  <datafield tag="082" ind1=" " ind2=" ">
    <subfield code="a">340.1</subfield>
    <subfield code="b">M528l</subfield>
  </datafield>
  <datafield tag="100" ind1="1" ind2=" ">
    <subfield code="a">Melo, Fabi&#xE1;n</subfield>
    <subfield code="9">1173</subfield>
  </datafield>
  <datafield tag="245" ind1="1" ind2="0">
    <subfield code="a">L&#xF3;gica aplicada en derecho /</subfield>
    <subfield code="c">Fabi&#xE1;n Melo, Arist&#xF3;teles Ponserrate.</subfield>
  </datafield>
  <datafield tag="260" ind1=" " ind2=" ">
    <subfield code="a">Santo Domingo :</subfield>
    <subfield code="b">Universitaria,</subfield>
    <subfield code="c">2000.</subfield>
  </datafield>
  <datafield tag="300" ind1=" " ind2=" ">
    <subfield code="a">vii, 196 p. :</subfield>
    <subfield code="b">il. ;</subfield>
    <subfield code="c">20 cm.</subfield>
  </datafield>
  <datafield tag="505" ind1="0" ind2=" ">
    <subfield code="t">Introducci&#xF3;n, VII --</subfield>
    <subfield code="t">L&#xF3;gica. Investigaciones generales. Visi&#xF3;n hist&#xF3;rica. Conceptos fundamentales de l&#xF3;gica pura --</subfield>
    <subfield code="t">Cr&#xED;tica del tratamiento de que ha sido objeto --</subfield>
    <subfield code="t">Lugar que ha ocupado con respecto a las dem&#xE1;s ciencias --</subfield>
    <subfield code="t">L&#xF3;gica cl&#xE1;sica y l&#xF3;gica moderna --</subfield>
    <subfield code="t">L&#xF3;gica aplicada en derecho. Tratamiento desde un punto de vista diacr&#xF3;nico --</subfield>
    <subfield code="t">Consideraciones actuales sobre esta disciplina --</subfield>
    <subfield code="t">Investigaciones sobre algunas escuelas (que se oponen o han sido consecuentes) con esta disciplina --</subfield>
    <subfield code="t">Ramificaciones de la l&#xF3;gica aplicada en derecho --</subfield>
    <subfield code="t">La hermen&#xE9;utica jur&#xED;dica (vestigio de la l&#xF3;gica aplicada al derecho) --</subfield>
    <subfield code="t">L&#xF3;gica aplicada en derecho. Investigaciones de car&#xE1;cter epistemol&#xF3;gicas --</subfield>
    <subfield code="t">Definiciones de diversos autores sobre l&#xF3;gica jur&#xED;dica y l&#xF3;gica aplicada en derecho --</subfield>
    <subfield code="t">Objeto de la l&#xF3;gica aplicada en derecho -- Estructura de la norma: disposiciones atributivas, disposiciones prescriptivas --</subfield>
    <subfield code="t">Forma b&#xE1;sica de la conclusi&#xF3;n jur&#xED;dica y c&#xE1;lculo de predicados --</subfield>
    <subfield code="t">Conclusi&#xF3;n --</subfield>
    <subfield code="t">Notas --</subfield>
    <subfield code="t">&#xCD;ndice.</subfield>
  </datafield>
  <datafield tag="650" ind1=" " ind2="4">
    <subfield code="a">L&#xF3;gica (derecho)</subfield>
    <subfield code="9">1174</subfield>
  </datafield>
  <datafield tag="650" ind1=" " ind2="4">
    <subfield code="a">Filosof&#xED;a del derecho</subfield>
    <subfield code="9">1175</subfield>
  </datafield>
  <datafield tag="700" ind1="1" ind2=" ">
    <subfield code="a">Ponserrate, Arist&#xF3;teles</subfield>
    <subfield code="9">1176</subfield>
  </datafield>
  <datafield tag="952" ind1=" " ind2=" ">
    <subfield code="0">0</subfield>
    <subfield code="1">1</subfield>
    <subfield code="5">4</subfield>
    <subfield code="7">5</subfield>
    <subfield code="8">DS</subfield>
    <subfield code="a">BNPHU</subfield>
    <subfield code="b">BNPHU</subfield>
    <subfield code="c">MI</subfield>
    <subfield code="d">2013-05-13</subfield>
    <subfield code="i">LF1</subfield>
    <subfield code="l">0</subfield>
    <subfield code="o">340.1 M528l</subfield>
    <subfield code="p">346-30</subfield>
    <subfield code="r">2020-06-25</subfield>
    <subfield code="t">e. 3</subfield>
    <subfield code="w">2020-06-25</subfield>
    <subfield code="y">LF1</subfield>
    <subfield code="Z">Pr&#xE9;stamo en sala</subfield>
  </datafield>
  <datafield tag="952" ind1=" " ind2=" ">
    <subfield code="0">0</subfield>
    <subfield code="1">1</subfield>
    <subfield code="5">4</subfield>
    <subfield code="7">5</subfield>
    <subfield code="8">DS</subfield>
    <subfield code="a">BNPHU</subfield>
    <subfield code="b">BNPHU</subfield>
    <subfield code="c">MI</subfield>
    <subfield code="d">2014-05-29</subfield>
    <subfield code="i">LF1</subfield>
    <subfield code="l">0</subfield>
    <subfield code="o">340.1 M528l</subfield>
    <subfield code="p">346-40</subfield>
    <subfield code="r">2020-06-25</subfield>
    <subfield code="t">e. 4</subfield>
    <subfield code="w">2020-06-25</subfield>
    <subfield code="y">LF1</subfield>
    <subfield code="Z">Pr&#xE9;stamo en sala</subfield>
  </datafield>
  <datafield tag="952" ind1=" " ind2=" ">
    <subfield code="0">0</subfield>
    <subfield code="1">0</subfield>
    <subfield code="7">2</subfield>
    <subfield code="8">PD</subfield>
    <subfield code="a">BNPHU</subfield>
    <subfield code="b">BNPHU</subfield>
    <subfield code="c">HD</subfield>
    <subfield code="d">2009-07-15</subfield>
    <subfield code="i">LF1</subfield>
    <subfield code="l">0</subfield>
    <subfield code="o">340.1 M528l</subfield>
    <subfield code="p">346-10</subfield>
    <subfield code="r">2020-06-25</subfield>
    <subfield code="w">2020-06-25</subfield>
    <subfield code="y">LF1</subfield>
    <subfield code="Z">No se presta</subfield>
  </datafield>
  <datafield tag="952" ind1=" " ind2=" ">
    <subfield code="0">0</subfield>
    <subfield code="1">0</subfield>
    <subfield code="7">2</subfield>
    <subfield code="8">PD</subfield>
    <subfield code="a">BNPHU</subfield>
    <subfield code="b">BNPHU</subfield>
    <subfield code="c">HD</subfield>
    <subfield code="d">2013-04-11</subfield>
    <subfield code="i">LF1</subfield>
    <subfield code="l">0</subfield>
    <subfield code="o">340.1 M528l</subfield>
    <subfield code="p">346-20</subfield>
    <subfield code="r">2020-06-25</subfield>
    <subfield code="t">e. 2</subfield>
    <subfield code="w">2020-06-25</subfield>
    <subfield code="y">LF1</subfield>
    <subfield code="Z">No se presta</subfield>
  </datafield>
  <datafield tag="999" ind1=" " ind2=" ">
    <subfield code="c">345</subfield>
    <subfield code="d">345</subfield>
  </datafield>
</record>
